书目信息 |
| 题名: |
若无相欠,怎会相见
|
|
| 作者: | 桑妮 著 | |
| 分册: | ||
| 出版信息: | 南京 江苏凤凰文艺出版社 2016 |
|
| 页数: | 264页 | |
| 开本: | 21cm | |
| 丛书名: | ||
| 单 册: | ||
| 中图分类: | I266.5 | |
| 科图分类: | ||
| 主题词: | 书信集--shu xin ji--中国--现代 | |
| 电子资源: | ||
| ISBN: | 978-7-5399-9200-6 | |
| 000 | 00780nam0 22002291 450 | |
| 001 | 0115101220 | |
| 005 | 20170415101220.0 | |
| 010 | @a978-7-5399-9200-6@b精装@dCNY59.00 | |
| 100 | @a20160721d2016 em y0chiy50 ea | |
| 101 | 0 | @achi |
| 102 | @aCN@b320000 | |
| 105 | @aa z 000ey | |
| 106 | @ar | |
| 200 | 1 | @a若无相欠,怎会相见@Aruo wu xiang qian zen hui xiang jian@e13对民国才情恋人的缱绻情书集@e精装纪念版@f桑妮著 |
| 210 | @a南京@c江苏凤凰文艺出版社@d2016 | |
| 215 | @a264页@c彩图@d21cm | |
| 517 | 1 | @a13对民国才情恋人的缱绻情书集@A13dui min guo cai qing lian ren de qian quan qing shu ji |
| 606 | 0 | @a书信集@Ashu xin ji@y中国@z现代 |
| 690 | @aI266.5@v5 | |
| 701 | 0 | @a桑妮@Asang ni@f(1980~)@4著 |
| 801 | 0 | @aCN@bTANGWEI@c20170308 |
| 905 | @b0965571-4@dI266.5@e2213@f4 | |
| 若无相欠,怎会相见:13对民国才情恋人的缱绻情书集:精装纪念版/桑妮著.-南京:江苏凤凰文艺出版社,2016 |
| 264页:彩图;21cm |
| ISBN 978-7-5399-9200-6(精装):CNY59.00 |
| ● |
| 相关链接 |
|
|
|
|
正题名:若无相欠,怎会相见
索取号:I266.5/2213
 
预约/预借
| 序号 | 登录号 | 条形码 | 馆藏地/架位号 | 状态 | 备注 |
| 1 | 0965571 | 209655719 | 第一样本阅览室/ [索取号:I266.5/2213] | 在馆 | |
| 2 | 0965572 | 209655728 | 第二借阅区/ [索取号:I266.5/2213] | 在馆 | |
| 3 | 0965573 | 209655737 | 第二借阅区/ [索取号:I266.5/2213] | 在馆 | |
| 4 | 0965574 | 209655746 | 第二借阅区/ [索取号:I266.5/2213] | 在馆 |